MARC

LEADER 00000nam0a2200000 4500
001 354799
005 20231102010728.0
035 |a (RuTPU)RU\TPU\retro\12058 
090 |a 354799 
100 |a 20200626d1972 km y0rusy50 ca 
101 0 |a rus 
102 |a UA 
105 |a a z 001zy 
200 1 |a Устойчивость и деформативность элементов конструкций из композиционных материалов  |f Академия наук Украинской ССР, Институт механики ; под ред. В. О. Кононенко, В. В. Коноваленко, В. Г. Бессоноой 
210 |a Киев  |c Наукова думка  |d 1972 
215 |a 256 с.  |c ил. 
320 |a Библиогр. в конце ст. 
606 1 |a Стеклопластики конструкционные  |x Строительная механика  |2 stltpush  |3 (RuTPU)RU\TPU\subj\56913  |9 74796 
610 1 |a элементы 
610 1 |a композиционные материалы 
610 1 |a деформативность 
610 1 |a напряженное состояние 
610 1 |a оболочечные системы 
610 1 |a полимерные конструкции 
610 1 |a сополимеры 
675 |a 624.011.78  |v 4 
702 1 |a Кононенко  |b В. О.  |4 340 
702 1 |a Коноваленко  |b В. В.  |4 540 
702 1 |a Бессонов  |b В. Г.  |4 340 
712 0 2 |a Академия наук Украинской ССР  |b Институт механики  |c (Киев)  |c (1959-1991)  |2 stltpush  |3 (RuTPU)RU\TPU\col\1205  |9 23531 
801 1 |a RU  |b 63413507  |c 20200626 
801 2 |a RU  |b 63413507  |c 20210125  |g RCR 
942 |c BK